Programa marc de cooperació i assistència local de l'Area d'Educació
Descripción Física:
15 p. ; 21 cm
MARC
| LEADER | 00000nam a2200000Ia 4500 | ||
|---|---|---|---|
| 001 | 14832 | ||
| 008 | 160829s9999 xx 000 0 cat d | ||
| 080 | |a FU-31-27 | ||
| 245 | |a Programa marc de cooperació i assistència local de l'Area d'Educació | ||
| 260 | |a [Barcelona] : |b Diputació de Barcelona, Àrea d'Educació, [199 - ?] | ||
| 300 | |a 15 p. ; |c 21 cm | ||
| 650 | |a Programa Marc de Cooperació i Assistència Local |9 29911 | ||
| 650 | 0 | |a Educació permanent |9 31514 | |
| 651 | 0 | |a Catalunya |x Política educativa |9 56252 | |
| 710 | |a Barcelona (Catalunya : Província). |b Àrea d'Educació |9 8009 | ||
| 901 | |a Arxiu | ||
| 942 | |n 1 | ||
| 952 | |0 0 |1 0 |4 0 |6 FU3127 |7 1 |9 45163 |a Arxiu |b Arxiu |d 2016-12-01 |l 0 |o FU-31-27 |p 14832 |r 2016-12-01 00:00:00 |w 2016-12-01 |y ARXIU | ||
| 999 | |c 48234 |d 48234 | ||